000 02467nam a2200325Ia 4500
999 _c52716
_d52716
001 19741
003 GE_BSU
005 20200418195530.0
008 181216s||||||||xx |||||||||||||| ||und||
020 _a9789941080647
040 _cGE_BSU
041 _ageo
080 _a635.1/.8 ბ-25
100 _aბარამიძე, ვლადიმერ
_97925
245 _aბოსტნეული და ბაღჩეული კულტურების ძირითადი მავნებელ-დაავადებები და მათ წინააღმდეგ ბრძოლა საქართველოში /
_c ვლადიმერ ბარამიძე, ანდრო ხეთერელი, მოსბა კუშადი ; რედაქტორები : მაიკლ ელისი, ბენ მიულერი, როჯერ უილიამსი ; დიზაინი ნატალია ღლონტი.
264 _aთბილისი :
_bსამშობლო,
_c2016.
300 _a232 გვ. :
_bსურ. , სქ. ;
_c28 სმ.
_e 1CD
500 _aსიტყ. განმარტ. გვ. : 219-221
504 _aგამოყენ. ლიტ. : გვ. : 223-232
520 _aსახელმძღვანელო შედგენილია გაეროს განვითარების პროგრამის (UNDP)ხელშეწყობით და ევროკომისიის პროექტ,,მდგრადი სოფლის მეურნეობა აჭარის ავტონომიურ რესპუბლიკაში".
653 _aბოსტნეული კულტურების დაავადებები და მავნებლები
653 _aსოფლის მეურნეობა
700 _aხეთერელი, ანდრო
_eავტორი
_97926
700 _aკუშადი, მოსბა
_eავტორი
_97927
700 _a ელისი, მაიკლ
_eრედაქტორი
_97928
700 _a მიულერი, ბენ
_eრედაქტორი
_97929
700 _a უილიამსი, როჯერ
_eრედაქტორი
_97930
700 _a ღლონტი, ნატალია
_eდიზაინი
_97931
942 _cBK
_2udc